|
|
|
|
| LEADER |
01430nam a2200397Ia 4500 |
| 001 |
EBC242646 |
| 003 |
MiAaPQ |
| 005 |
20200520144314.0 |
| 006 |
m o d | |
| 007 |
cr cn||||||||| |
| 008 |
031222s2002 enk sb 001 0 eng d |
| 015 |
|
|
|a GBA2-U8184
|
| 020 |
|
|
|z 9781847790347
|
| 020 |
|
|
|z 0719060516
|
| 020 |
|
|
|z 0719060524
|
| 035 |
|
|
|a (MiAaPQ)EBC242646
|
| 035 |
|
|
|a (Au-PeEL)EBL242646
|
| 035 |
|
|
|a (CaPaEBR)ebr10075720
|
| 035 |
|
|
|a (CaONFJC)MIL73406
|
| 035 |
|
|
|a (OCoLC)935227811
|
| 040 |
|
|
|a MiAaPQ
|c MiAaPQ
|d MiAaPQ
|
| 050 |
|
4 |
|a PR2207.N48
|b F73 2002
|
| 082 |
0 |
4 |
|a 824.3
|2 21
|
| 245 |
0 |
0 |
|a Francis Bacon's The new Atlantis
|h [electronic resource] :
|b new interdisciplinary essays /
|c edited by Bronwen Price.
|
| 260 |
|
|
|a Manchester :
|b Manchester University Press,
|c 2002.
|
| 300 |
|
|
|a xii, 209 p.
|
| 490 |
1 |
|
|a Texts in culture
|
| 504 |
|
|
|a Includes bibliographical references and index.
|
| 533 |
|
|
|a Electronic reproduction. Ann Arbor, MI : ProQuest, 2015. Available via World Wide Web. Access may be limited to ProQuest affiliated libraries.
|
| 600 |
1 |
0 |
|a Bacon, Francis,
|d 1561-1626.
|t New Atlantis.
|
| 650 |
1 |
0 |
|a English literature
|x History and criticism.
|
| 655 |
|
4 |
|a Electronic books.
|
| 700 |
1 |
|
|a Price, Bronwen.
|
| 710 |
2 |
|
|a ProQuest (Firm)
|
| 830 |
|
0 |
|a Texts in culture.
|
| 856 |
4 |
0 |
|u https://ebookcentral.proquest.com/lib/matrademy/detail.action?docID=242646
|z Click to View
|